De facto-leader of country - Statistics

General Stats
  • This quiz has been taken 17 times
  • The average score is 12 of 23
Answer Stats
Hint Answer % Correct
United States Joe Biden
100%
North-Korea Kim Jong-un
100%
Russia Vladimir Putin
100%
Canada Justin Trudeau
92%
Turkey Recep Tayyip Erdoğan
83%
China Xi Jinping
83%
Germany Olaf Scholz
75%
Ukraine Volodymyr Zelenskyy
75%
Belarus Alexander Lukashenko
67%
Brazil Jair Bolsonaro
67%
Hungary Viktor Orbán
67%
India Narendra Modi
58%
United Kingdom Rishi Sunak
50%
Italy Giorgia Meloni
42%
Netherlands Mark Rutte
25%
Poland Andrzej Duda
17%
Japan Fumio Kishida
17%
Liberia George Weah
17%
Spain Pedro Sánchez
17%
Finland Sanna Marin
17%
Indonesia Joko Widodo
8%
Argentina Alberto Fernández
0%
South Korea Yoon Suk-yeol
0%
No matching quizzes found
Score Distribution
Percent of People with Each Score
Percentile by Number Answered
Your Score History
You have not taken this quiz